[Event "Mechanics' Spring TNM; G/2"]
[Site "San Francisco"]
[Date "2016.04.26"]
[Round "7.7"]
[White "Melville, Cailen"]
[Black "Walder, Michael S"]
[Result "0-1"]
[WhiteElo "1811"]
[BlackElo "2109"]
[PlyCount "94"]
[EventDate "2016.??.??"]

1. d4 Nf6 2. c4 g6 3. f3 c5 4. d5 d6 5. e4 Bg7 6. Nc3 O-O 7. Bg5 h6 8. Be3 e6
9. Qd2 exd5 10. cxd5 a6 11. a4 Re8 12. Nge2 h5 13. Nc1 Nbd7 14. Be2 Ne5 15. h3
Rb8 16. O-O c4 17. a5 Bd7 18. f4 Nd3 19. Nxd3 cxd3 20. Bxd3 Bb5 21. Bb6 Qe7 22.
Nxb5 axb5 23. Rfe1 Nd7 24. Bxb5 Nxb6 25. Bxe8 Nc4 26. Qb4 b5 27. Bc6 Bxb2 28.
Ra2 Qa7+ 29. Kf1 Bd4 30. Ree2 Bc5 31. Qc3 Ne3+ 32. Ke1 b4 33. Qb3 Bd4 34. Kd2
Bc3+ 35. Kc1 Qc5 36. Kb1 Qd4 37. a6 Qd3+ 38. Kc1 Bd2+ 39. Rexd2 Qxb3 40. a7 Rc8
41. a8=Q Rxa8 42. Rxa8+ Kg7 43. Raa2 Qc3+ 44. Kb1 b3 45. Rab2 Nc4 46. Re2 Nxb2
47. Rxb2 Qe1# 0-1

[Event "Mechanics' Fall TNM; G/2"]
[Site "San Francisco"]
[Date "2016.10.25"]
[Round "2.8"]
[White "Melville, Cailen"]
[Black "Wang, Yuan"]
[Result "1-0"]
[WhiteElo "1872"]
[BlackElo "2088"]
[PlyCount "83"]
[EventDate "2016.??.??"]

1. d4 Nf6 2. c4 g6 3. f3 d5 4. cxd5 Nxd5 5. e4 Nb6 6. Nc3 Bg7 7. Be3 O-O 8. Qd2
Nc6 9. O-O-O e5 10. d5 Nd4 11. f4 c5 12. fxe5 Bxe5 13. h3 Bd7 14. Nf3 Nxf3 15.
gxf3 Rc8 16. f4 Bg7 17. e5 Bf5 18. Nb5 Be4 19. Rg1 Qxd5 20. Qa5 Nc4 21. Qc3
Nxe3 22. Qxe3 Qxa2 23. Qxe4 c4 24. Rg3 Qa1+ 25. Qb1 Qa5 26. Nd6 Bh6 27. Rf3 Rc7
28. Rd4 Qxe5 29. Qe4 Qxe4 30. Rxe4 Rd8 31. Rxc4 Rxc4+ 32. Nxc4 Rd4 33. Kc2 Rxf4
34. Rxf4 Bxf4 35. Na5 b6 36. Nc6 f5 37. Nxa7 Kf7 38. Bc4+ Kf6 39. Kd3 Be5 40.
b4 g5 41. Ke3 h5 42. Kf2 {Remaining moves unavailable. White later won.} 1-0

[Event "Mechanics' Fall TNM; G/2"]
[Site "San Francisco"]
[Date "2016.12.13"]
[Round "9.26"]
[White "Melville, Cailen"]
[Black "White, Benjamin M"]
[Result "1-0"]
[WhiteElo "1872"]
[BlackElo "1040"]
[Annotator "Donaldson"]
[PlyCount "43"]
[EventDate "2016.??.??"]

1. d4 d5 2. c4 e6 3. Nf3 Nf6 4. g3 Nc6 5. Bg2 dxc4 6. Qa4 Qd5 7. Nc3 Bb4 8. O-O
Bxc3 9. bxc3 b5 10. Qc2 O-O $4 {Diagram [#]} (10... Bb7 11. Re1) 11. Ne5 Qd6
12. Nxc6 Nd5 13. Ne5 f6 14. Ng4 e5 15. Ne3 Nxe3 16. Bxe3 Rb8 17. dxe5 Qa6 18.
exf6 Rxf6 19. Bd4 Rf7 20. a4 Bb7 21. axb5 Qxb5 22. Rfb1 1-0

[Event "Mechanics' Spring TNM; G/2"]
[Site "San Francisco"]
[Date "2016.03.22"]
[Round "2.7"]
[White "Melville, Cailen"]
[Black "Wong, Russell"]
[Result "0-1"]
[WhiteElo "1811"]
[BlackElo "2200"]
[Annotator "Donaldson"]
[PlyCount "54"]
[EventDate "2016.??.??"]

1. d4 c5 2. d5 d6 3. c4 e5 4. Nc3 Be7 5. Nf3 Nf6 6. e4 a6 7. a4 O-O 8. Be2 Nbd7
9. O-O Ne8 10. a5 g6 11. Bh6 Ng7 12. g4 Nf6 13. Ne1 Kh8 14. Nd3 Ng8 15. Bd2 Bf6
(15... Bg5 16. f4) 16. Na4 Bg5 17. Bc3 (17. f4 $1) (17. Nb6) 17... Nf6 18. Nb6
Rb8 {Diagram [#]} 19. Nxc5 $1 (19. f4 $1) 19... Qc7 $1 (19... dxc5 20. Bxe5 $18
) 20. b4 $4 (20. Nd3 Nxe4 21. Bb4 $16) 20... dxc5 21. f4 exf4 $19 22. d6 Qd8
23. bxc5 Be6 24. Bf3 Nd7 25. Qd4 Bf6 26. Qxf6 Nxf6 27. e5 Nd7 0-1

[Event "Mechanics' Spring TNM; G/2"]
[Site "San Francisco"]
[Date "2016.03.15"]
[Round "1.5"]
[White "Menghrajani, Alok"]
[Black "Doyle, Bryon"]
[Result "0-1"]
[WhiteElo "1609"]
[BlackElo "2206"]
[PlyCount "78"]
[EventDate "2016.??.??"]

1. d4 Nf6 2. c4 c5 3. e3 g6 4. Bd3 Bg7 5. Bd2 O-O 6. Ne2 d6 7. O-O Nc6 8. a3 e5
9. d5 Ne7 10. e4 Ne8 11. b4 f5 12. bxc5 dxc5 13. Nbc3 Nd6 14. Qc2 f4 15. f3 g5
16. Nb5 g4 17. Qa4 gxf3 18. gxf3 Bh3 19. Rf2 Bf6 20. Nxf4 exf4 21. Bxf4 Bxa1
22. Bxd6 a6 23. Bxe7 axb5 24. Bxd8 bxa4 25. Be7 Bd4 26. Bxf8 Rxf8 27. Bf1 Rxf3
28. Bxh3 Rxh3 29. Kg2 Rxh2+ 30. Kxh2 Bxf2 31. e5 Kf7 32. Kh3 Bd4 33. e6+ Ke7
34. Kh4 Bb2 35. Kh5 Bc1 36. Kg4 Bxa3 37. Kf5 Bb2 38. Kg5 a3 39. Kh6 a2 0-1

[Event "Mechanics' Spring TNM; G/2"]
[Site "San Francisco"]
[Date "2016.03.29"]
[Round "3.19"]
[White "Menghrajani, Alok"]
[Black "Marcus, Joel"]
[Result "1/2-1/2"]
[WhiteElo "1609"]
[BlackElo "1936"]
[Annotator "Donaldson"]
[PlyCount "99"]
[EventDate "2016.??.??"]

1. d4 d5 2. c4 Nc6 3. Nc3 Nf6 4. Bf4 e6 5. e3 Bd6 6. Bg3 O-O 7. Nf3 Ne4 8. a3
f5 9. Bh4 Be7 10. Bxe7 Nxe7 11. Qc2 Ng6 $6 12. cxd5 exd5 $2 13. Nxd5 $1 c6 14.
Nc3 Be6 15. O-O-O Qb6 16. Nxe4 fxe4 17. Ng5 Bd5 18. Bc4 Kh8 19. Rhf1 Qa5 (19...
Rae8) 20. Nxe4 b5 21. Bxd5 cxd5 22. Qd2 Qc7+ 23. Nc3 (23. Nc5 $1) 23... a5 24.
Kb1 Qd7 25. b3 b4 26. axb4 axb4 27. Na2 $2 (27. Na4 $1) 27... Ra3 28. Qxb4 Qf5+
29. Ka1 {Diagram [#]} Rfa8 $2 (29... Rxa2+ 30. Kxa2 Qc2+ 31. Ka3 Ra8+ 32. Qa4
Rxa4+ 33. Kxa4 Kg8 $17) 30. Rd2 Qc8 31. Re1 Qa6 32. Ree2 Nh4 33. Rc2 Qa7 34.
Qb5 $18 Nxg2 35. Qxd5 Ne1 36. Rb2 $2 (36. Rcd2 $1) 36... Nd3 37. Rbd2 Nb4 38.
Qc5 Qb7 39. e4 Qa6 $2 (39... Nxa2 40. Rxa2 (40. Qxa3 Rxa3 41. Rxa2 Qxb3 $19)
40... Qxb3) 40. Qxb4 Rc8 41. Kb1 Ra5 42. Rc2 Ra8 43. d5 h6 44. d6 Qd3 45. Qd2
Qxb3+ 46. Rb2 Qe6 47. d7 Qg8 48. e5 Rd5 49. e6 Rxd2 50. Rbxd2 {
White is winning but had little time left.} 1/2-1/2

[Event "Mechanics' Spring TNM; G/2"]
[Site "San Francisco"]
[Date "2016.04.26"]
[Round "7.36"]
[White "Menghrajani, Alok"]
[Black "Olson, David R"]
[Result "1-0"]
[WhiteElo "1609"]
[BlackElo "1400"]
[PlyCount "61"]
[EventDate "2016.??.??"]

1. d4 Nf6 2. c4 g6 3. Nc3 Bg7 4. e4 d6 5. Nf3 O-O 6. Be2 b6 7. Be3 Bb7 8. Qc2
Nc6 9. O-O Nb4 10. Qb3 a5 11. a3 Nc6 12. d5 Ne5 13. Nxe5 dxe5 14. c5 a4 15. Qb4
Rb8 16. cxb6 cxb6 17. Bxb6 Qd6 18. Bc5 Qc7 19. Nb5 Qd7 20. Qxa4 Bxd5 21. exd5
Qxd5 22. Bxe7 Ra8 23. Qb4 Rfb8 24. Bxf6 Bxf6 25. Nc3 Qd2 26. Ne4 Qxe2 27. Nxf6+
Kg7 28. Qh4 h5 29. b4 Rb6 30. Nd5 Rd6 31. Rfe1 1-0

[Event "Mechanics' Spring TNM; G/2"]
[Site "San Francisco"]
[Date "2016.05.03"]
[Round "8.27"]
[White "Menghrajani, Alok"]
[Black "Palmeri, Ralph P"]
[Result "0-1"]
[WhiteElo "1609"]
[BlackElo "1715"]
[PlyCount "126"]
[EventDate "2016.??.??"]

1. d4 d5 2. c4 c6 3. Nc3 Nf6 4. Nf3 g6 5. Bg5 Bg7 6. e3 Nbd7 7. Be2 O-O 8. O-O
Re8 9. a4 Ne4 10. Nxe4 dxe4 11. Nd2 f5 12. b4 Nf6 13. Qb3 Be6 14. Qa3 Qd7 15.
b5 Bf7 16. Nb3 b6 17. c5 Bd5 18. Rac1 Qe6 19. Nd2 Nd7 20. Rfd1 Kh8 21. Bc4 bxc5
22. Bxd5 cxd5 23. dxc5 Ne5 24. Nb3 Nd3 25. Rc2 h6 26. Bf4 g5 27. Bc7 Rac8 28.
b6 f4 29. Nd4 Bxd4 30. exd4 f3 31. Rxd3 exd3 32. Be5+ Kg8 33. Qxd3 axb6 34.
Qxf3 bxc5 35. Re2 Qg6 36. Qxd5+ e6 37. Qa2 cxd4 38. h3 d3 39. Rd2 Rc2 40. Rxc2
dxc2 41. Bb2 Qe4 42. Qa1 Qb4 43. Kh2 Qe4 44. Kg1 Ra8 45. a5 Ra6 46. g3 Qd5 47.
Bc1 Qxa5 48. Qb2 Qe1+ 49. Kg2 Qe4+ 50. Kg1 Rc6 51. Qb8+ Kf7 52. Qb7+ Kg6 53.
Qb8 Qd5 54. Qe8+ Kf5 55. g4+ Ke4 56. Qg6+ Kf3 57. Qf6+ Ke2 58. Qb2 Qc5 59. Be3
Qc3 60. Qc1 Qe1+ 61. Qxe1+ Kxe1 62. Bc1 Kd1 63. Ba3 c1=Q 0-1

[Event "Mechanics' Spring TNM; G/2"]
[Site "San Francisco"]
[Date "2016.04.12"]
[Round "5.12"]
[White "Menghrajani, Alok"]
[Black "Vickers, Keith"]
[Result "0-1"]
[WhiteElo "1609"]
[BlackElo "2200"]
[PlyCount "78"]
[EventDate "2016.??.??"]

1. d4 f5 2. c4 e6 3. Nc3 Nf6 4. Bf4 Bb4 5. a3 Bxc3+ 6. bxc3 c5 7. e3 O-O 8. Bd3
d6 9. Nf3 Nc6 10. O-O Qe7 11. Nh4 Ne4 12. Bxe4 fxe4 13. Qh5 cxd4 14. cxd4 e5
15. Bg5 Qe8 16. Qe2 h6 17. Bxh6 gxh6 18. d5 Ne7 19. Qc2 Qh5 20. Qxe4 Qg4 21. f3
Qxe4 22. fxe4 Bd7 23. Rab1 Rxf1+ 24. Kxf1 Rf8+ 25. Ke2 b6 26. h3 Kg7 27. g4 h5
28. Nf5+ Nxf5 29. exf5 hxg4 30. hxg4 Rh8 31. Kf2 Kf6 32. Kg3 Kg5 33. e4 Rh4 34.
Rg1 Rxg4+ 35. Kf2 Rxg1 36. Kxg1 Ba4 37. Kf2 Bb3 38. Ke3 Bxc4 39. Kd2 Bxd5 0-1

[Event "Mechanics' Spring TNM; G/2"]
[Site "San Francisco"]
[Date "2016.04.26"]
[Round "7.35"]
[White "Montoya, Daniel"]
[Black "Capdeville, Barry"]
[Result "1-0"]
[WhiteElo "1619"]
[BlackElo "1273"]
[PlyCount "57"]
[EventDate "2016.??.??"]

1. d4 d5 2. Bg5 Nd7 3. c4 Ndf6 4. Nc3 e6 5. e3 Be7 6. Nf3 Ne4 7. Bxe7 Nxe7 8.
Nxe4 dxe4 9. Nd2 f5 10. Qh5+ Ng6 11. Be2 O-O 12. g4 Qh4 13. Rg1 Qxh5 14. gxh5
Ne7 15. O-O-O Bd7 16. Rg2 Rf7 17. Rdg1 Kf8 18. h4 h6 19. c5 Nc6 20. Bb5 Nb4 21.
Bc4 Nd3+ 22. Bxd3 exd3 23. Rg6 Bc6 24. Rxe6 Re8 25. Rxe8+ Bxe8 26. Nf3 Re7 27.
Ne5 Bxh5 28. Kd2 Be2 29. Ng6+ 1-0

[Event "Mechanics' Spring TNM; G/2"]
[Site "San Francisco"]
[Date "2016.04.12"]
[Round "5.22"]
[White "Montoya, Daniel"]
[Black "Marcus, Joel"]
[Result "1/2-1/2"]
[WhiteElo "1619"]
[BlackElo "1936"]
[Annotator "Winslow"]
[PlyCount "68"]
[EventDate "2016.??.??"]

1. e4 e5 2. d4 exd4 3. Qxd4 Nc6 4. Qe3 Nf6 5. Nc3 Bb4 6. Bd2 O-O 7. O-O-O Re8
8. Qg3 Nxe4 9. Nxe4 Rxe4 10. c3 Bf8 $6 (10... Be7 $1 11. Bd3 Bh4 $1 12. Qf3 (
12. Qh3 d5) 12... Re8) 11. Bd3 Re8 $2 12. Nf3 {Diagram [#]} g6 $2 {Steinitz!} (
12... d6 13. Ng5 g6 14. h4 Ne5 15. Bc2 h5) 13. h4 $1 {
White gets to attack with no loss of time.} d6 14. h5 Ne5 15. Nxe5 Rxe5 16.
hxg6 Bg7 17. gxf7+ Kxf7 18. Rxh7 Qf6 19. Bh6 Qxh6+ 20. Kc2 $4 (20. Rxh6 Bxh6+
21. f4) ({or even} 20. f4 {nabs the queen or rook}) 20... Qf6 $17 21. f4 Re8
22. Qf3 $2 (22. Rdh1 Bf5 23. R1h6 Qxh6 24. Rxh6 Bxd3+ 25. Qxd3 Bxh6 26. g4 $11)
22... c6 $2 (22... Bf5 $1 $19) 23. Rdh1 $6 (23. f5) (23. g4) 23... Bf5 24. g4
$2 (24. R1h6 Bxd3+ 25. Qxd3 Qxh6 26. Rxh6 Bxh6 27. g4 $15) 24... Bxh7 $19 25.
Rxh7 Rg8 $2 (25... Re5 $1 $19) 26. g5 Qe7 27. Qh5+ Kf8 28. f5 Qe8 $6 (28... Qf7
29. Qh4 Qd5) 29. Qh4 Qe5 30. f6 Kf7 31. Qh6 Ke6 32. fxg7+ Kd7 33. Qg6 Kc7 34.
Qf7+ Kb6 1/2-1/2

[Event "Mechanics' Spring TNM; G/2"]
[Site "San Francisco"]
[Date "2016.04.05"]
[Round "4.34"]
[White "Montoya, Daniel"]
[Black "Olson, David R"]
[Result "1-0"]
[WhiteElo "1619"]
[BlackElo "1400"]
[PlyCount "57"]
[EventDate "2016.??.??"]

1. d4 d5 2. Nc3 Nf6 3. Bg5 Ne4 4. Nxe4 dxe4 5. e3 Bf5 6. c4 Nd7 7. Ne2 h6 8.
Bh4 g5 9. Bg3 Bg7 10. Nc3 c6 11. Qb3 b6 12. Be2 O-O 13. O-O e6 14. Bd1 Nf6 15.
Bc2 Nh5 16. Nxe4 Nxg3 17. Nxg3 Bg6 18. Bxg6 fxg6 19. Qc2 Qf6 20. Rac1 Rad8 21.
c5 b5 22. Ne4 Qe7 23. Nd6 e5 24. dxe5 Bxe5 25. Qxg6+ Qg7 26. Qe6+ Kh7 27. b3
Rf6 28. Qxe5 Rdf8 29. Ne4 1-0

[Event "Mechanics' Fall TNM; G/2"]
[Site "San Francisco"]
[Date "2016.11.08"]
[Round "4.17"]
[White "Montoya, Daniel"]
[Black "Reichwein, Axel"]
[Result "1-0"]
[WhiteElo "1583"]
[BlackElo "1937"]
[Annotator "Donaldson"]
[PlyCount "99"]
[EventDate "2016.??.??"]

1. d4 Nf6 2. Bg5 c5 3. d5 Qb6 4. Nc3 Qxb2 5. Bd2 Qb6 6. e4 e5 7. f4 d6 8. Nf3
Nbd7 9. fxe5 dxe5 10. Rb1 Qc7 11. Nb5 Qb8 12. d6 Bxd6 13. Ba5 Ke7 14. Ng5 Rf8 {
Diagram [#]} 15. Nxf7 $3 {
The start of a pretty combination that would make any player proud.} Rxf7 (
15... Kxf7 16. Nxd6+ {leaves White with a clear advantage but no forced win.})
16. Nxd6 Qxd6 17. Bd8+ Kxd8 18. Qxd6 b6 19. Bc4 Re7 20. O-O Bb7 21. Rxf6 gxf6
22. Rf1 Ke8 23. Bd5 Rb8 24. Bxb7 Rxb7 25. Qc6 Rb8 26. Rxf6 Kd8 27. Qd6 Ke8 28.
Re6 Rxe6 29. Qxe6+ Kd8 30. Qg8+ Kc7 31. Qxh7 b5 32. Qg7 b4 33. h4 c4 34. Qf7 c3
35. h5 a5 36. h6 a4 37. Qc4+ Kd6 38. Qa6+ Nb6 39. Qa7 Nd7 40. Qxa4 Nc5 41. Qa7
Rb7 42. Qxb7 Nxb7 43. h7 b3 44. axb3 Nc5 45. h8=Q Nxe4 46. Qf8+ Kd5 47. Qf7+
Kd4 48. Qc4+ Ke3 49. Qd3+ Kf4 50. Qf3+ {A well-played game by White.} 1-0

[Event "Mechanics' Spring TNM; G/2"]
[Site "San Francisco"]
[Date "2016.04.19"]
[Round "6.43"]
[White "Moor, William Edwa"]
[Black "Boldi, Nicholas Ar"]
[Result "1-0"]
[WhiteElo "1446"]
[BlackElo "964"]
[Annotator "Donaldson"]
[PlyCount "65"]
[EventDate "2016.??.??"]

1. d4 d5 2. c4 Nc6 3. Nf3 Bf5 (3... Bg4) 4. a3 Nf6 5. Nc3 e6 6. e3 Bg4 7. Be2
Bd6 8. c5 Be7 9. b4 a5 10. b5 Na7 11. Ne5 Bxe2 12. Qxe2 O-O 13. O-O Rb8 14. Bb2
Nd7 15. Nxd7 Qxd7 16. f4 f6 17. a4 e5 18. f5 exd4 19. exd4 Rfe8 20. Qf3 Rbd8
21. Rae1 b6 22. c6 Qd6 23. Re6 Qb4 24. Qf2 Rd6 25. Rfe1 Rxe6 26. Rxe6 Qc4 27.
Qe3 Kf7 28. Qf3 Qxd4+ 29. Kf1 Qc4+ 30. Ne2 Bc5 31. Qh5+ g6 32. Qxh7+ Kf8 33.
Rxf6# 1-0

[Event "Mechanics' Spring TNM; G/2"]
[Site "San Francisco"]
[Date "2016.04.05"]
[Round "4.45"]
[White "Moor, William Edwa"]
[Black "Otterbach, Renate"]
[Result "1-0"]
[WhiteElo "1446"]
[BlackElo "1000"]
[PlyCount "45"]
[EventDate "2016.??.??"]

1. d4 e6 2. c4 f5 3. Nf3 Nf6 4. e3 Be7 5. Bd3 b6 6. Nc3 Bb7 7. d5 Na6 8. O-O
Nc5 9. Bc2 O-O 10. Nd4 Qe8 11. Ndb5 Bd8 12. b4 Nce4 13. f3 Nxc3 14. Nxc3 a6 15.
Bb3 Be7 16. a3 c6 17. d6 Bd8 18. c5 bxc5 19. bxc5 Nd5 20. Ne2 Bf6 21. Rb1 Qd8
22. Bxd5 exd5 23. Rxb7 {and White won in 48 mobves.} 1-0

[Event "Mechanics' Fall TNM; G/2"]
[Site "San Francisco"]
[Date "2016.12.13"]
[Round "9.32"]
[White "Morgan, Jerry D"]
[Black "Erdenebileg, Erkhes"]
[Result "0-1"]
[WhiteElo "1556"]
[BlackElo "1365"]
[Annotator "Donaldson"]
[PlyCount "73"]
[EventDate "2016.??.??"]

1. f4 d5 2. Nf3 Nf6 3. e3 a6 (3... c5 4. b3 e6 5. Bb2 Nc6 6. Bb5) 4. b3 c5 5.
Bb2 e6 6. Ne5 (6. Be2 Be7 7. O-O O-O 8. d3 Nc6 9. Nbd2 Ng4) 6... Bd6 7. d3 Bxe5
8. Bxe5 Nc6 9. Bb2 O-O 10. Nd2 Re8 11. Nf3 b5 12. Ne5 (12. d4) 12... Nxe5 13.
Bxe5 Bb7 (13... Nd7 14. Bb2 e5 15. fxe5 Nxe5) 14. Be2 Qa5+ 15. Qd2 Qxd2+ 16.
Kxd2 Nd7 17. Bb2 f6 18. Bg4 Kf7 19. Rag1 (19. Rhg1) 19... f5 20. Bf3 g6 21. g4
fxg4 22. Rxg4 Rab8 23. Rhg1 Rg8 24. h4 Nf6 25. Rg5 h6 26. R5g3 h5 27. Be5 Rbc8
28. c4 (28. Re1) 28... Bc6 29. Kc3 (29. Bxf6 $1 Kxf6 30. cxd5 (30. Bxh5) 30...
exd5 31. Rg5 (31. Bxh5) 31... Rcd8 32. Bxh5) 29... b4+ 30. Kd2 dxc4 31. dxc4 (
31. Bxf6 Kxf6 32. bxc4) (31. bxc4 Bxf3) 31... Bxf3 32. Rxf3 Rcd8+ 33. Kc2 Ne4
34. Rd1 (34. Rg2) 34... Rxd1 35. Kxd1 Rd8+ 36. Kc1 Rd2 37. Kb1 0-1

[Event "Mechanics' Fall TNM; G/2"]
[Site "San Francisco"]
[Date "2016.11.29"]
[Round "7.36"]
[White "Morgan, Jerry D"]
[Black "Hilliard, Michael"]
[Result "0-1"]
[WhiteElo "1556"]
[BlackElo "1400"]
[PlyCount "62"]
[EventDate "2016.??.??"]

1. f4 d5 2. Nf3 Bf5 3. d3 e6 4. Nc3 Bb4 5. Bd2 h5 6. a3 Ba5 7. e3 c6 8. Be2 Nf6
9. O-O Nbd7 10. Qe1 Bb6 11. Kh1 Ng4 12. Nd1 h4 13. h3 Ngf6 14. Nxh4 g6 15. Qg3
Qe7 16. Nf2 O-O-O 17. Nf3 Rdg8 18. Ng5 Nh5 19. Bxh5 gxh5 20. Qh4 f6 21. Nf3 Qg7
22. Rg1 Bd8 23. Bc3 Bh7 24. Raf1 e5 25. Qxh5 Bxd3 26. Qg4 Qxg4 27. Nxg4 Bxf1
28. Rxf1 Rxg4 29. fxe5 Rg3 30. e6 Nc5 31. Kh2 Rhg8 0-1

[Event "Mechanics' Fall TNM; G/2"]
[Site "San Francisco"]
[Date "2016.11.15"]
[Round "5.21"]
[White "Morgan, Jerry D"]
[Black "Sarafian, Greg M"]
[Result "0-1"]
[WhiteElo "1556"]
[BlackElo "1935"]
[PlyCount "120"]
[EventDate "2016.??.??"]

1. f4 d5 2. Nf3 c5 3. e3 g6 4. Be2 Bg7 5. O-O Nf6 6. d3 O-O 7. Nc3 Nc6 8. e4 d4
9. Nb1 Rb8 10. a4 a6 11. Nbd2 b5 12. Nb3 Qb6 13. a5 Qa7 14. Kh1 Be6 15. Nbd2
Qc7 16. Ng5 Bc8 17. e5 Nd5 18. Nde4 h6 19. Nf3 Nxa5 20. Nxc5 Qxc5 21. Rxa5 Bb7
22. Nh4 Kh7 23. Bf3 e6 24. Be4 Qb6 25. Ra1 Ne7 26. Qf3 Nf5 27. Nxf5 exf5 28.
Bd5 Rfc8 29. Rf2 Rc5 30. Bxb7 Rxb7 31. b4 Rcc7 32. Bb2 Rd7 33. g4 fxg4 34. Qxg4
Ra7 35. h4 Qc6+ 36. Rg2 h5 37. Qg3 Qe6 38. Rf1 Kh8 39. f5 Qxe5 40. fxg6 Qxg3
41. Rxg3 fxg6 42. Rxg6 Rd5 43. Rg5 Rxg5 44. hxg5 Kh7 45. Rf5 Rd7 46. Kg2 Kg6
47. Rc5 Rd6 48. Kg3 Bf8 49. Kh4 Re6 50. Rd5 Bxb4 51. Bxd4 Be1+ 52. Kh3 Rc6 53.
Bc5 Bd2 54. Kh4 Bc3 55. Bd4 Be1+ 56. Kh3 Rxc2 57. Rd6+ Kxg5 58. Rxa6 Rc7 59.
Ra1 Bd2 60. Rg1+ Kh6 {White lost on time.} 0-1

[Event "Mechanics' Fall TNM; G/2"]
[Site "San Francisco"]
[Date "2016.10.18"]
[Round "1.12"]
[White "Morgan, Jerry D"]
[Black "Smith III, Mahlon"]
[Result "1-0"]
[WhiteElo "1556"]
[BlackElo "2064"]
[PlyCount "73"]
[EventDate "2016.??.??"]

1. f4 d5 2. Nf3 g6 3. d3 Bg7 4. c3 Nf6 5. Qc2 Bf5 6. Nbd2 O-O 7. e4 Be6 8. e5
Ng4 9. Nb3 f6 10. d4 Nd7 11. h3 Nh6 12. g4 Kh8 13. Bd3 f5 14. g5 Nf7 15. h4 h5
16. gxh6 Nxh6 17. Qg2 Qe8 18. Ng5 Bg8 19. Be2 e6 20. h5 Bh7 21. Bd2 Rg8 22.
O-O-O Nf8 23. Rdg1 gxh5 24. Rxh5 Bg6 25. Rh4 Nh7 26. Nc5 Bf7 27. Qh2 b6 28.
Rxh6 Bxh6 29. Qxh6 Rg7 30. Nxf7+ Qxf7 31. Qxg7+ Qxg7 32. Rxg7 Kxg7 33. Nxe6+
Kg6 34. Nxc7 Rd8 35. Bf3 Nf8 36. Nxd5 Ne6 37. Ne7+ 1-0

[Event "Mechanics' Alan Benson TNM; G/2"]
[Site "San Francisco"]
[Date "2016.09.27"]
[Round "9.10"]
[White "Morgan, Jerry Dugl"]
[Black "Askin, David Benja"]
[Result "0-1"]
[WhiteElo "1568"]
[BlackElo "1958"]
[PlyCount "36"]
[EventDate "2016.??.??"]

1. f4 d5 2. Nf3 c5 3. e3 Nf6 4. b3 e6 5. Bb2 Be7 6. Ne5 Nc6 7. Bb5 Bd7 8. O-O
Nxe5 9. fxe5 Bxb5 10. exf6 gxf6 11. d3 Qc7 12. Bxf6 $4 Bxf6 13. Rxf6 {
Diagram [#]} Qe5 $1 14. Rxf7 Kxf7 15. Qf3+ Ke7 16. d4 cxd4 17. Qf4 Qxe3+ 18.
Qxe3 dxe3 0-1

[Event "Mechanics' Alan Benson TNM; G/2"]
[Site "San Francisco"]
[Date "2016.08.02"]
[Round "1.12"]
[White "Morgan, Jerry Dugl"]
[Black "Askin, Michael Chr"]
[Result "0-1"]
[WhiteElo "1568"]
[BlackElo "2042"]
[PlyCount "60"]
[EventDate "2016.??.??"]

1. f4 e5 2. fxe5 d6 3. exd6 Bxd6 4. Nf3 Nf6 5. d4 Ng4 6. Qd3 O-O 7. e4 Re8 8.
Bg5 Be7 9. Bxe7 Qxe7 10. Nbd2 Bf5 11. Be2 Bxe4 12. Qxe4 Qxe4 13. Nxe4 Rxe4 14.
c3 Nd7 15. Ng5 Re7 16. Kd2 Ne3 17. Bf3 c5 18. Kd3 cxd4 19. cxd4 Rd8 20. Kc3 h6
21. Nh3 Nf6 22. Nf4 g5 23. Ne2 g4 24. Rhg1 gxf3 25. gxf3+ Kf8 26. Nf4 Nfd5+ 27.
Nxd5 Nxd5+ 28. Kc4 Ne3+ 29. Kc3 Rc7+ 30. Kd3 Nc2 0-1

[Event "Mechanics' Summer TNM; G/2"]
[Site "San Francisco"]
[Date "2016.05.31"]
[Round "2.31"]
[White "Morgan, Jerry Dugl"]
[Black "Ayinala, Nihar"]
[Result "1-0"]
[WhiteElo "1652"]
[BlackElo "1227"]
[PlyCount "41"]
[EventDate "2016.??.??"]

1. f4 c5 2. Nf3 Nc6 3. e4 g6 4. Be2 Bg7 5. O-O e6 6. c3 Nge7 7. Kh1 O-O 8. d4
cxd4 9. cxd4 d5 10. e5 Qb6 11. Nc3 a6 12. Na4 Qa7 13. Nc5 Nf5 14. Nb3 f6 15. g4
Nfe7 16. a3 fxe5 17. fxe5 Bd7 18. Ng5 Rxf1+ 19. Bxf1 Rf8 20. Nc5 Nxd4 21. Nxd7
1-0

[Event "Mechanics' Alan Benson TNM; G/2"]
[Site "San Francisco"]
[Date "2016.08.30"]
[Round "5.36"]
[White "Morgan, Jerry Dugl"]
[Black "Bayaraa, Bilguun"]
[Result "1-0"]
[WhiteElo "1568"]
[BlackElo "796"]
[PlyCount "69"]
[EventDate "2016.??.??"]

1. f4 d5 2. Nf3 e6 3. e3 Nf6 4. b3 Bd6 5. Bb2 c5 6. Bd3 O-O 7. Nc3 Nc6 8. Ne2
Nb4 9. Ne5 Nxd3+ 10. Nxd3 b5 11. Ne5 Bb7 12. O-O Qc7 13. Ng3 Rae8 14. d3 Nd7
15. d4 f6 16. Ng4 cxd4 17. Bxd4 Bc5 18. Rc1 e5 19. fxe5 fxe5 20. Rxf8+ Rxf8 21.
Bb2 Nf6 22. Bxe5 Bxe3+ 23. Kh1 Qe7 24. Bxf6 gxf6 25. Nxe3 Qxe3 26. Nf5 Qg5 27.
Qf1 Kh8 28. Re1 Bc8 29. Nd6 Bd7 30. Re7 Bg4 31. Nf7+ Rxf7 32. Rxf7 f5 33. h3
Qg6 34. Rxa7 Bh5 35. Qxb5 1-0

[Event "Mechanics' Summer TNM; G/2"]
[Site "San Francisco"]
[Date "2016.06.28"]
[Round "6.30"]
[White "Morgan, Jerry Dugl"]
[Black "Bender, Karina Lar"]
[Result "1-0"]
[WhiteElo "1652"]
[BlackElo "707"]
[PlyCount "61"]
[EventDate "2016.??.??"]

1. f4 d5 2. Nf3 Nc6 3. e3 Nf6 4. Bb5 a6 5. Bxc6+ bxc6 6. b3 Bf5 7. Bb2 e6 8.
O-O c5 9. d3 Bg4 10. Nbd2 Bd6 11. Qe1 O-O 12. Ne5 Bh5 13. Ndf3 Nd7 14. Nc6 Qe8
15. Nce5 f6 16. Nxd7 Qxd7 17. Qh4 Bg6 18. Qg4 Bf5 19. Qg3 Rae8 20. Nh4 e5 21.
Nxf5 Qxf5 22. fxe5 Bxe5 23. Rxf5 Bxg3 24. hxg3 Rxe3 25. Rxd5 Rxg3 26. Re1 Rg5
27. Rxg5 fxg5 28. Re5 h6 29. Rxc5 Rc8 30. Rc6 Kh7 31. Rxa6 {and White soon won.
} 1-0

[Event "Mechanics' Spring TNM; G/2"]
[Site "San Francisco"]
[Date "2016.03.15"]
[Round "1.1"]
[White "Morgan, Jerry Dugl"]
[Black "Critelli, James Ma"]
[Result "0-1"]
[WhiteElo "1653"]
[BlackElo "2366"]
[PlyCount "52"]
[EventDate "2016.??.??"]

1. f4 c5 2. Nf3 Nf6 3. d3 d5 4. c3 Nc6 5. Qc2 d4 6. e4 g6 7. Na3 Bg7 8. Bd2 O-O
9. Nc4 Nd7 10. e5 f6 11. Qb3 Kh8 12. e6 Ndb8 13. Na3 a6 14. O-O-O Na5 15. Qc2
Bxe6 16. c4 Nbc6 17. Re1 Qd6 18. g3 Bf7 19. Bh3 Nb4 20. Bxb4 cxb4 21. Nb1 b5
22. Nbd2 bxc4 23. Ne4 Qd5 24. Kb1 cxd3 25. Qc5 Qxa2+ 26. Kc1 Nb3+ 0-1

[Event "Mechanics' Spring TNM; G/2"]
[Site "San Francisco"]
[Date "2016.04.26"]
[Round "7.30"]
[White "Morgan, Jerry Dugl"]
[Black "Cunningham, Charles"]
[Result "0-1"]
[WhiteElo "1653"]
[BlackElo "1416"]
[PlyCount "48"]
[EventDate "2016.??.??"]

1. f4 d5 2. Nf3 Bg4 3. e3 Nf6 4. h3 Bf5 5. g4 Bd7 6. Nc3 e6 7. d3 c5 8. Bd2 Qb6
9. Ne5 Nc6 10. Na4 Qc7 11. g5 Nxe5 12. gxf6 Bxa4 13. Bc3 Nxd3+ 14. Bxd3 g6 15.
b3 Bc6 16. Rg1 d4 17. Bd2 dxe3 18. Bxe3 Rd8 19. Qg4 c4 20. bxc4 Bb4+ 21. Kf2
Bc3 22. Rab1 Bxf6 23. a3 Bd4 24. Rb3 O-O 0-1